000 00383pab a2200157 454500
008 180718b2003 xxu||||| |||| 00| 0 eng d
100 _aAgarwal, Sunil
245 _aTechnology model for women's empowerment: reaching the unreached
260 _c2003
300 _ap.18-28
362 _aMay
650 _aTechnology
650 _aWomen
773 _aKurukshetra
909 _a56199
999 _c56199
_d56199